LIBRARY ONLINE CATALOGUE

The Six sigma way : (Record no. 7168)

MARC details
000 -LEADER
fixed length control field 00771nam a22002172 4500
001 - CONTROL NUMBER
control field 0000006022
005 - DATE AND TIME OF LATEST TRANSACTION
control field 20151217152011.0
008 - FIXED-LENGTH DATA ELEMENTS--GENERAL INFORMATION
fixed length control field 070912s xx 000 0 eng d
020 ## - INTERNATIONAL STANDARD BOOK NUMBER
International Standard Book Number 007533210 :
Terms of availability KES 2,400
040 ## - CATALOGING SOURCE
Original cataloging agency KABU
Transcribing agency KABU
100 1# - MAIN ENTRY--PERSONAL NAME
Personal name Pande, Peter S.
-- 0000157374
245 14 - TITLE STATEMENT
Title The Six sigma way :
Remainder of title how GE, Motorola and other top companies are honing their performance /
Statement of responsibility, etc. Peter Pande, Robert P. Neuman, Roland R. Cavanagh.
260 ## - PUBLICATION, DISTRIBUTION, ETC. (IMPRINT)
Place of publication, distribution, etc. New Delhi :
Name of publisher, distributor, etc. Tata McGraw-Hill,
Date of publication, distribution, etc. 2000.
300 ## - PHYSICAL DESCRIPTION
Extent xxiv, 422 p.
650 #0 - SUBJECT ADDED ENTRY--TOPICAL TERM
Topical term or geographic name as entry element Quality control
General subdivision Statistical methods.
-- 0000156504
700 1# - ADDED ENTRY--PERSONAL NAME
Personal name Neuman, Robert P.
-- 0000157375
700 1# - ADDED ENTRY--PERSONAL NAME
Personal name Cavanagh, Roland R.
-- 0000157376
908 ## - PUT COMMAND PARAMETER (RLIN)
Put command parameter 070912
950 ## - LOCAL HOLDINGS (RLIN)
-- 1
Holdings
Withdrawn status Lost status Source of classification or shelving scheme Not for loan Home library Current library Date acquired Total Checkouts Full call number Barcode Date last seen Price effective from Koha item type
    Library of Congress Classification   Kabarak, Main Campus Kabarak, Main Campus 17/12/2015   TS156 .P36 009864 17/12/2015 17/12/2015 General Collection